| 000 | 00662nam a22001697a 4500 | ||
|---|---|---|---|
| 005 | 20120519130435.0 | ||
| 020 |
_a0761995560 _c425.00 |
||
| 035 | _aB-59671 | ||
| 037 |
_aDPL _bENG |
||
| 245 |
_aDemocratic governance in India : _bChallenges of poverty, development and identity / _cedited by Niraja Gopal Jayal and Sudha Pai |
||
| 260 |
_aNew Delhi _bSage Publications _c2001 |
||
| 300 |
_a264p. _c20 cms. |
||
| 700 |
_aJayal, Niraja Gopal _947501 |
||
| 700 |
_aPai, Sudha _947502 |
||
| 942 |
_2ddc _cEN _h338.954 _mDEM |
||
| 999 |
_c66921 _d66921 |
||